000 00260 a2200109 4500
001 50639
040 _cAnchieta - Pituba
240 1 0 _aFit in Deutsch 2
_l
245 1 0 _aFit in Deutsch 2
650 4 _aLínguas germânicas (teutônicas) língua alemã
942 _cMU
999 _c50639
_d50639